000 00779nam a2200301Ia 4500
001 35799
003 IT-RoPAU
008 130308s9999 xx 000 0 und d
040 _aIT-RoPAU
040 _cIT-RoPAU
041 _aITALIANO
100 _aGuarda Guido
100 _gCodice Aut. SPICS: 5737
245 _aA.G.Fronzoni ovvero dell'essenziale
245 _bParete N.26 Dicembre 1976
250 _a1a ed.
260 _aMAZZO (MI)
260 _bIGAP
260 _c1976 [1° Ed.:1976 - Ed.Ling.Originale:1976]
300 _a"7 p. (prefazione: no ; testo: 7 [pagine: 7-13])"
500 _aManifesto di Pubblicita'
650 _aSAGGI DI PUBBLICITA'
650 _eCodice materia Spics: 6211
942 _cBK
957 _71
999 _c48658
_d48658
999 _bSI
999 _g1